[Event "Manizales Feria op 29th"]
[Site "Manizales"]
[Date "2024.01.06"]
[Round "3"]
[White "Toro, Jonathan"]
[Black "Penalosa Alvarez, Federico"]
[Result "1-0"]
[WhiteElo "1748"]
[BlackElo "1354"]
[PlyCount "43"]
[EventDate "2024.01.05"]
[EventType "swiss"]
[EventRounds "7"]
[EventCountry "COL"]
[SourceTitle "CB02_2024"]
[SourceDate "2024.01.10"]
[SourceVersion "1"]
[SourceVersionDate "2024.01.10"]
[SourceQuality "1"]

1. e4 e5 2. Nf3 Nc6 3. d4 exd4 4. Nxd4 Nf6 5. Nc3 Bb4 6. Nxc6 Bxc3+ 7. bxc3 bxc6 8. e5 Nd5 9. c4 Nb6 10. Ba3 Ba6 11. Qg4 g6 12. Bd3 d5 13. exd6 cxd6 14. 0-0 Qd7 15. Rfe1+ Kd8 16. Qh4+ Kc7 17. Re7 Rae8 18. Rxd7+ Nxd7 19. Qf4 Re6 20. c5 Bxd3 21. cxd6+ Kc8 22. cxd3 1-0

[Event "Medellin de La Raza U2000 op"]
[Site "Medellin"]
[Date "2023.10.13"]
[Round "3"]
[White "Pinilla Rozo, Maria Alejandra"]
[Black "Toro, Jonathan"]
[Result "1-0"]
[WhiteElo "1393"]
[BlackElo "1854"]
[PlyCount "41"]
[EventDate "2023.10.12"]
[EventType "swiss"]
[EventRounds "9"]
[EventCountry "COL"]
[SourceTitle "Mega2024 Update 01"]
[Source "Chessbase"]
[SourceDate "2023.11.12"]
[SourceVersion "1"]
[SourceVersionDate "2023.11.12"]
[SourceQuality "1"]

1. e4 e5 2. Nf3 Nc6 3. Bb5 a6 4. Ba4 Nf6 5. Qe2 b5 6. Bb3 Be7 7. c3 0-0 8. d4 exd4 9. e5 Ng4 10. cxd4 d5 11. Nc3 Bb4 12. 0-0 Bxc3 13. bxc3 Re8 14. Bc2 h6 15. Qd3 g6 16. h3 Bf5 17. Qd1 Bxc2 18. Qxc2 Ngxe5 19. dxe5 Kg7 20. Qd2 Rh8 21. Qf4 1-0

[Event "Tunja Boyacense op"]
[Site "Tunja"]
[Date "2018.12.14"]
[Round "3"]
[White "Guevara Rincon, Cristian Camilo"]
[Black "Toro, Jonathan"]
[Result "1-0"]
[WhiteElo "1641"]
[BlackElo "1923"]
[PlyCount "55"]
[EventDate "2018.12.13"]
[EventType "swiss"]
[EventRounds "7"]
[EventCountry "COL"]
[SourceTitle "CBM 187 Extra"]
[Source "ChessBase"]
[SourceDate "2018.11.04"]
[SourceVersion "1"]
[SourceVersionDate "2018.11.04"]
[SourceQuality "1"]

1. e4 e5 2. Nf3 Nc6 3. d4 exd4 4. Nxd4 Nf6 5. Nc3 Bb4 6. Nxc6 bxc6 7. Bd3 d5 8. exd5 cxd5 9. 0-0 0-0 10. Bg5 c6 11. Bf4 Re8 12. Qf3 a5 13. a3 Be7 14. Rfe1 Ba6 15. Rad1 Bxd3 16. Qxd3 Qb6 17. Be5 Rad8 18. Qg3 Rc8 19. Bd4 Qb8 20. Be5 Qb6 21. Re2 g6 22. Rde1 Nh5 23. Qf3 Bf8 24. g4 Ng7 25. Bxg7 Rxe2 26. Rxe2 Bxg7 27. Re7 Rc7 28. Qxf7+ 1-0

[Event "Tunja Boyacense op"]
[Site "Tunja"]
[Date "2018.12.14"]
[Round "2"]
[White "Toro, Jonathan"]
[Black "Guarin Fonseca, Nobel Alfredo"]
[Result "1-0"]
[WhiteElo "1923"]
[BlackElo "1387"]
[PlyCount "71"]
[EventDate "2018.12.13"]
[EventType "swiss"]
[EventRounds "7"]
[EventCountry "COL"]
[SourceTitle "CBM 187 Extra"]
[Source "ChessBase"]
[SourceDate "2018.11.04"]
[SourceVersion "1"]
[SourceVersionDate "2018.11.04"]
[SourceQuality "1"]

1. e4 c6 2. d4 d5 3. Nc3 e6 4. exd5 cxd5 5. Bf4 a6 6. Nf3 Bd6 7. Bxd6 Qxd6 8. Bd3 Nf6 9. 0-0 0-0 10. Re1 Nc6 11. a3 h6 12. Bf1 b5 13. g3 Bb7 14. Bg2 Rac8 15. Ne5 Nd7 16. f4 Ncxe5 17. dxe5 Qb6+ 18. Kh1 d4 19. Ne4 Rc7 20. Rc1 Nb8 21. Qd3 Bxe4 22. Bxe4 Rd8 23. Qf3 Nc6 24. Red1 Na5 25. c3 Rdc8 26. Qf2 Nb3 27. Rc2 Qa7 28. cxd4 Rxc2 29. Bxc2 Nxd4 30. Rxd4 Qb7+ 31. Be4 Rc1+ 32. Kg2 Qc7 33. Qd2 g6 34. Rd8+ Kg7 35. Qd6 Qa7 36. Qf8+ 1-0

[Event "Manizales Castro Memorial"]
[Site "Manizales"]
[Date "2015.12.18"]
[Round "3"]
[White "Toro, Jonathan"]
[Black "Pelaez, Nelson"]
[Result "1/2-1/2"]
[WhiteElo "1765"]
[BlackElo "1600"]
[PlyCount "74"]
[EventDate "2015.12.17"]
[EventType "swiss"]
[EventRounds "7"]
[EventCountry "COL"]
[SourceTitle "CBM 170 Extra"]
[Source "ChessBase"]
[SourceDate "2016.02.25"]
[SourceVersion "1"]
[SourceVersionDate "2016.02.25"]
[SourceQuality "1"]

1. e4 e6 2. d4 d5 3. exd5 Qxd5 4. c4 Qd8 5. Nc3 Nf6 6. Bg5 Be7 7. Nf3 c6 8. Bd3 Na6 9. a3 b6 10. 0-0 Bb7 11. Re1 0-0 12. Qc2 h6 13. Bxf6 Bxf6 14. Be4 Nc7 15. Rad1 Rb8 16. Qa4 b5 17. cxb5 cxb5 18. Qxa7 Bxe4 19. Nxe4 Nd5 20. Nxf6+ Nxf6 21. Ne5 Qd5 22. Qc5 Rfc8 23. Qxd5 Nxd5 24. Rc1 b4 25. Rxc8+ Rxc8 26. axb4 Nxb4 27. b3 Rc2 28. h3 f6 29. Nc4 Kf7 30. Rb1 Ke7 31. Ne3 Rd2 32. Rd1 Rxd1+ 33. Nxd1 Nc6 34. Ne3 Nxd4 35. b4 Nc6 36. Nc2 Kd6 37. Kf1 e5 1/2-1/2

[Event "Manizales op 24th"]
[Site "Manizales"]
[Date "2014.01.11"]
[Round "7"]
[White "Cardona, Albeiro"]
[Black "Toro, Jonathan"]
[Result "1/2-1/2"]
[WhiteElo "2070"]
[BlackElo "1618"]
[PlyCount "28"]
[EventDate "2014.01.08"]
[EventType "swiss"]
[EventRounds "8"]
[EventCountry "COL"]
[SourceTitle "CBM 158 Extra"]
[Source "ChessBase"]
[SourceDate "2014.02.28"]
[SourceVersion "1"]
[SourceVersionDate "2014.02.28"]
[SourceQuality "1"]

1. e4 e5 2. Nf3 Nc6 3. Bb5 a6 4. Ba4 Nf6 5. 0-0 Nxe4 6. Re1 Nc5 7. Bxc6 dxc6 8. Nxe5 Ne6 9. d4 Qxd4 10. Qxd4 Nxd4 11. Nxc6+ Ne6 12. Ne5 Nd4 13. Nf3+ Ne6 14. Ne5 Nd4 1/2-1/2